| Tag |
First Indicator |
Second Indicator |
Subfields |
| LEADER |
00000cam a2200000Ia 4500 |
| 001 |
in00001506821 |
| 005 |
20151021112558.0 |
| 008 |
991221s1988 enk b 000 0 eng d |
| 035 |
|
|
|a (OCoLC)43008501
|
| 040 |
|
|
|a TXA
|c TXA
|d UtOrBLW
|
| 043 |
|
|
|a az-----
|a f------
|
| 049 |
|
|
|a TXAM
|
| 090 |
|
|
|a HC79.E5
|b A29 1988
|
| 100 |
1 |
|
|a Adams, Martin.
|
| 245 |
1 |
0 |
|a Agriculture, livestock & forestry :
|b an environmental strategy for semi-arid areas : a report to DANIDA /
|c by Martin Adams.
|
| 246 |
3 |
|
|a Agriculture, livestock and forestry
|
| 264 |
|
1 |
|a London :
|b International Institute for Environment and Development,
|c 1988.
|
| 300 |
|
|
|a v, 81 pages :
|b ;
|c 30 cm.
|
| 336 |
|
|
|a text
|b txt
|2 rdacontent
|
| 337 |
|
|
|a unmediated
|b n
|2 rdamedia
|
| 338 |
|
|
|a volume
|b nc
|2 rdacarrier
|
| 490 |
1 |
|
|a Drylands paper ;
|v no. 1
|
| 504 |
|
|
|a Includes bibliographical references (pages 80-81).
|
| 650 |
|
0 |
|a Sustainable development
|z South Asia.
|
| 650 |
|
0 |
|a Sustainable development
|z Africa.
|
| 710 |
2 |
|
|a International Institute for Environment and Development.
|
| 710 |
2 |
|
|a DANIDA.
|
| 830 |
|
0 |
|a Drylands paper ;
|v no. 1.
|
| 948 |
|
|
|a cataloged
|b h
|c 1999/12/21
|d o
|e jspillan
|f 10:21:27 am
|
| 994 |
|
|
|a E0
|b TXA
|
| 999 |
|
|
|a MARS
|
| 999 |
f |
f |
|s 7e029e24-bcf7-3b20-889e-c6e308f64403
|i 19e8d280-2067-31d5-8ffd-78e1b9f7d618
|t 0
|
| 952 |
f |
f |
|p ric
|a Texas A&M University
|b Rellis Campus
|c Joint Library Facility
|d Remote Storage
|t 0
|e HC79.E5 A29 1988
|h Library of Congress classification
|i unmediated -- volume
|m A14825593643
|
| 998 |
f |
f |
|a HC79.E5 A29 1988
|t 0
|l Remote Storage
|